| 000 | 01249nam a22003134a 4500 | ||
|---|---|---|---|
| 001 | ebr5003899 | ||
| 003 | CaPaEBR | ||
| 006 | m u | ||
| 007 | cr cn||||||||| | ||
| 008 | 990121s1999 ctu sb 001 0 eng | ||
| 010 | _z 99017995 | ||
| 020 | _z1567202594 (alk. paper) | ||
| 040 |
_aCaPaEBR _cCaPaEBR |
||
| 035 | _a(OCoLC)50170301 | ||
| 050 | 1 | 4 |
_aHD30.4 _b.S433 1999eb |
| 082 | 0 | 4 |
_a658 _221 |
| 100 | 1 |
_aSeibert, Kent W., _d1957- |
|
| 245 | 1 | 4 |
_aThe role of reflection in managerial learning _h[electronic resource] : _btheory, research, and practice / _cKent W. Seibert, Marilyn W. Daudelin. |
| 260 |
_aWestport, CT : _bQuorum, _c1999. |
||
| 300 | _axxiii, 227 p. | ||
| 504 | _aIncludes bibliographical references (p. 215-221) and index. | ||
| 533 |
_aElectronic reproduction. _bPalo Alto, Calif. : _cebrary, _d2013. _nAvailable via World Wide Web. _nAccess may be limited to ebrary affiliated libraries. |
||
| 650 | 0 |
_aManagement _xResearch. |
|
| 650 | 0 | _aOrganizational learning. | |
| 655 | 7 |
_aElectronic books. _2local |
|
| 700 | 1 |
_aDaudelin, Marilyn W., _d1953- |
|
| 710 | 2 | _aebrary, Inc. | |
| 856 | 4 | 0 |
_uhttp://site.ebrary.com/lib/rucke/Doc?id=5003899 _zAn electronic book accessible through the World Wide Web; click to view |
| 999 |
_c664 _d664 |
||